banner koha

Aceitação sensorial e caracterização de frozen yogurt de leite de cabra com adição de cultura probiótica e prebiótico (Registro n. 205853)

MARC details
000 -LÍDER
campo de controle de tamanho fixo 00965nas a2200313 4500
001 - NÚMERO DE CONTROLE
campo de controle BR2010000309
003 - IDENTIFICADOR DO NÚMERO DE CONTROLE
campo de controle BR-BrBNA
005 - DATA E HORÁRIO DA ÚLTIMA TRANSAÇÃO
campo de controle 20231205113830.0
007 - CAMPO FIXO DE DESCRIÇÃO FÍSICA--INFORMAÇÃO GERAL
campo de controle de tamanho fixo ta
008 - CAMPO DE DADOS FIXOS--INFORMAÇÃO GERAL
campo de controle de tamanho fixo 230509b bl.|||p| |||| 00| 00por d
040 ## - FONTE DA CATALOGAÇÃO
Instituição da catalogação original BR-BrBNA
Idioma da catalogação por
Instituição que transcreveu o registro Biblioteca Nacional de Agricultura
041 ## - CÓDIGO DE IDIOMA
Código do idioma do texto/trilha sonora ou título diferente (Pt)
072 ## - CÓDIGO DE CATEGORIA DE ASSUNTO
Código de Categoria de Assunto Q04
100 1# - ENTRADA PRINCIPAL--NOME PESSOAL
Nome pessoal Alves, L. de L.
100 1# - ENTRADA PRINCIPAL--NOME PESSOAL
Nome pessoal Richards, N.S.P. dos S.
100 1# - ENTRADA PRINCIPAL--NOME PESSOAL
Nome pessoal Becker, L.V.
100 1# - ENTRADA PRINCIPAL--NOME PESSOAL
Nome pessoal Andrade, D.F. de
100 1# - ENTRADA PRINCIPAL--NOME PESSOAL
Nome pessoal Milani, L.I.G.
100 1# - ENTRADA PRINCIPAL--NOME PESSOAL
Nome pessoal Rezer, A.P. de S.
100 1# - ENTRADA PRINCIPAL--NOME PESSOAL
Nome pessoal Scipioni, G.C.
245 1# - TÍTULO
Título Aceitação sensorial e caracterização de frozen yogurt de leite de cabra com adição de cultura probiótica e prebiótico
650 ## - ASSUNTO--TERMO TÓPICO
Cabeçalho tópico ou nome geográfico IOGURTE
650 ## - ASSUNTO--TERMO TÓPICO
Cabeçalho tópico ou nome geográfico LEITE
650 ## - ASSUNTO--TERMO TÓPICO
Cabeçalho tópico ou nome geográfico CABRA
650 ## - ASSUNTO--TERMO TÓPICO
Cabeçalho tópico ou nome geográfico ANÁLISE ORGANOLÉPTICA
773 0# - ENTRADA ANALÍTICA
Título Ciência Rural (Brazil)
ISSN - International Standard Serial Number ISSN 0103-8478
Partes relacionadas (Dec 2009), v. 39(9) p. 2595-2600
Número de controle do registro BR2010000309
909 ## -
-- 202311
-- Lúcia
-- 55
-- Lúcia Elande
942 ## - ELEMENTOS DE ENTRADA ADICIONADOS (KOHA)
Fonte da classificação ou esquema de arquivamento na estante Classificação AGRIS
Ocultar no OPAC Não
Tipo de material Koha Analítica
Exemplares
Situação do descarte Fonte da classificação ou esquema de arquivamento na estante Situação física Não pode ser emprestado Biblioteca de origem Biblioteca atual Localização na estante Enumeração do periódico / cronologia Total de empréstimos Data de último acesso Número do exemplar Tipo de material Koha Fonte de aquisição
  Classificação AGRIS   Consulta local Biblioteca Nacional de Agricultura - Binagri Biblioteca Nacional de Agricultura - Binagri   (Dec 2009), v. 39(9) p. 2595-2600   29/11/2023 01 Periódicos Portaria Interministerial nº 164/94

BINAGRI

Telefone: (61)3218-2567/2388/3357/2097 - binagri@agro.gov.br

Ministério da Agricultura e Pecuária , Esplanada dos Ministérios, Bloco D, Anexo B, Brasília/DF, CEP: 70.043-900